000 01192nas a2200325 4500
001 BR2011007629
003 BR-BrBNA
005 20231205115806.0
007 ta
008 230509b bl.|||p| |||| 00| 00por d
040 _aBR-BrBNA
_bpor
_cBiblioteca Nacional de Agricultura
041 _a(Pt)
072 _aL70; L74
100 1 _aLaskoski, L.M.
100 1 _aDória, R.G.S.
100 1 _aÁvila, L.G.
100 1 _aRocha, T.G.
100 1 _aFreitas, S.H. de
100 1 _aLacerda Neto, J.C.
245 1 _aEfeito paradoxal do tratamento de manifestações convulsivas desencadeadas por exercício físico em uma potra - Relato de caso
246 1 _aParadoxical effect of the seizures treatment caused by physical exercise in a foal - case report
650 _aEQUINO
650 _aDISTÚRBIO FISIOLÓGICO
650 _aTRATAMENTO
650 _aSISTEMA NERVOSO
773 0 _tRevista Brasileira de Medicina Veterinária (Brazil)
_xISSN 0100-2430
_g(Apr-Jun 2011), v. 33(2) p. 95-98
_wBR2011007629
856 4 _uhttp://www.rbmv.com.br/pdf_artigos/03-10-2011_16-25RBMV001.pdf
_yRecurso eletrônico (PDF)
909 _a202311
_bLúcia
_c55
_dLúcia Elande
942 _2AGRIS
_n0
_cANA
999 _c215714
_d215714